Eläimiä germaanisilla kielillä - Statistics

Yleistilastot
  • Tätä visaa on pelattu 195 kertaa
  • Keskiarvotulos 39 / 91
Vastaustilastot
Vastaus % Oikein
Englanti Lehmä Cow
99%
Englanti Hevonen Horse
99%
Englanti Kissa Cat
97%
Englanti Koira Dog
97%
Englanti Sika Pig
96%
Englanti Karhu Bear
94%
Englanti Kala Fish
94%
Englanti Hiiri Mouse
94%
Englanti Susi Wolf
93%
Hollanti Susi Wolf
93%
Saksa Susi Wolf
93%
Englanti Hai Shark
91%
Ruotsi Koira Hund
90%
Norja Koira Hund
90%
Tanska Koira Hund
90%
Saksa Koira Hund
90%
Ruotsi Kissa Kat
89%
Hollanti Kissa Kat
89%
Tanska Kissa Kat
89%
Englanti Hirvi Moose /Elk
88%
Englanti Papukaija Parrot
85%
Ruotsi Kala Fisk
76%
Norja Kala Fisk
76%
Tanska Kala Fisk
76%
Ruotsi Hevonen Häst
71%
Englanti Marsu Guinea pig
66%
Ruotsi Hiiri Mus
57%
Norja Hiiri Mus
57%
Tanska Hiiri Mus
57%
Islanti Hiiri Mús
57%
Ruotsi Karhu Björn
55%
Norja Karhu Bjørn
55%
Tanska Karhu Bjørn
55%
Ruotsi Lehmä Ko
54%
Tanska Lehmä Ko
54%
Norja Kissa Katt
52%
Ruotsi Sika Svin
46%
Tanska Sika Svin
46%
Islanti Sika Svin
46%
Islanti Hirvi Elk
45%
Norja Hevonen Hest
44%
Tanska Hevonen Hest
44%
Saksa Kissa Katze
41%
Ruotsi Marsu Marsvin
36%
Norja Marsu Marsvin
36%
Tanska Marsu Marsvin
36%
Norja Hirvi Elg
33%
Tanska Hirvi Elg
33%
Norja Susi Ulv
32%
Norja Hai Hai
31%
Saksa Hai Hai
31%
Saksa Hiiri Maus
31%
Saksa Sika Schwein
31%
Ruotsi Hai Haj
30%
Tanska Hai Haj
30%
Saksa Kala Fisch
28%
Ruotsi Susi Varg
28%
Ruotsi Hirvi Älg
27%
Saksa Karhu Bär
26%
Saksa Lehmä Kuh
25%
Saksa Hevonen Pferd
25%
Ruotsi Papukaija Papegoja
22%
Norja Sika Gris
19%
Tanska Susi Ulv
15%
Hollanti Koira Hond
14%
Hollanti Karhu Beer
10%
Saksa Papukaija Papagei
10%
Saksa Hirvi Elch
8%
Hollanti Hai Haai
8%
Saksa Marsu Meerschweinchen
8%
Hollanti Lehmä Koe
7%
Hollanti Hevonen Paard
7%
Islanti Hevonen Hestur
6%
Islanti Koira Hundur
6%
Hollanti Marsu Cavia
5%
Tanska Papukaija Papegøje
5%
Hollanti Kala Vis
5%
Islanti Karhu Bera
3%
Islanti Kala Fiskur
3%
Hollanti Hiiri Muis
3%
Islanti Lehmä Kýr
2%
Islanti Susi Ûlfur
2%
Islanti Hai Hákarl
1%
Hollanti Hirvi Hert
1%
Islanti Kissa Köttur
1%
Norja Lehmä Kue
1%
Hollanti Papukaija Papegaaie
1%
Norja Papukaija Papegøye
1%
Hollanti Sika Varken
1%
Islanti Marsu Naggris
0%
Islanti Papukaija Páfagaugur
0%
Ehtoja vastaavia visoja ei löytynyt
Tulosjakauma
Jokaisen tuloksen saaneiden osuus
Persentiili vastausten määrän mukaan
Tuloshistoriasi
Et ole pelannut tätä visaa